[Event "Ideal Clave op"]
[Site "Barcelona"]
[Date "1997.11.22"]
[Round "8"]
[White "Cartro Turu, Gabriel"]
[Black "Palmer Ramon, Enric"]
[Result "1/2-1/2"]
[WhiteElo "2045"]
[BlackElo "1930"]
[PlyCount "78"]
[EventDate "1997.09.??"]
[EventType "swiss"]
[EventRounds "9"]
[EventCountry "ESP"]
[SourceTitle "EXT 2003"]
[Source "ChessBase"]
[SourceDate "2002.11.25"]
[SourceVersion "1"]
[SourceVersionDate "2002.11.25"]
[SourceQuality "1"]

1. e4 c5 2. Nf3 d6 3. Nc3 Nf6 4. Bb5+ Bd7 5. Qe2 a6 6. Bxd7+ Nbxd7 7. e5 dxe5 8. Nxe5 e6 9. Nf3 Be7 10. 0-0 0-0 11. d4 cxd4 12. Nxd4 Re8 13. Be3 Bf8 14. Rad1 Qc7 15. Rfe1 Rac8 16. Bg5 h6 17. Bh4 b5 18. Bg3 Qb7 19. Ne4 Nxe4 20. Qxe4 Qxe4 21. Rxe4 Nc5 22. Re2 Na4 23. c3 Red8 24. a3 a5 25. Rc1 b4 26. axb4 axb4 27. Nb5 bxc3 28. b3 Nc5 29. h3 Nxb3 30. Rxc3 Rxc3 31. Nxc3 Nd4 32. Rb2 Nf5 33. Bc7 Rd3 34. Nb5 Nd4 35. Nxd4 Rxd4 36. Rb8 f6 37. Kf1 Kf7 38. Bb6 Rd1+ 39. Ke2 Rb1 1/2-1/2